| 000 | 00640nam a2200217 i 4500 | ||
|---|---|---|---|
| 001 | 18611 | ||
| 003 | ES-MaACL | ||
| 005 | 20250506133724.0 | ||
| 007 | t| | ||
| 008 | 011030s2001 sp ||||1| spa d | ||
| 020 | _a84-7491-605-4 | ||
| 080 | _a929 Levi, Primo | ||
| 100 | 1 |
_aAnissimov, Myriam. _921805 |
|
| 245 | 1 | 0 |
_aPrimo Levi o la tragedia de un optimista / _cMyriam Anissimov. |
| 250 | _a1ª ed. | ||
| 260 |
_aMadrid : _bEditorial Complutense, _c2001. |
||
| 300 |
_aXXVIII, 606 p., [4] p. de lám. ; _c23 cm. |
||
| 600 | 1 | 4 |
_aLevi, Primo, _d1919-1987 _9240200 |
| 852 |
_aES-MaACL _jL-25175 _bR.130635 |
||
| 999 |
_c18611 _d18611 |
||